Importancia de la capacitación de los administradores locales de la educación en el marco del proyecto principal

I tiakina i:
Ngā taipitopito rārangi puna kōrero
Hōputu: Pukapuka
Reo:Pāniora
I whakaputaina: Bogotá UNESCO-SECAB 1970
Ngā marau:
Ngā Tūtohu: Tāpirihia he Tūtohu
Kāore He Tūtohu, Me noho koe te mea tuatahi ki te tūtohu i tēnei pūkete!

MARC

LEADER 00000nam a2200000 a 4500
001 UCW6615
003 CL-VaPUC
008 920414e19700000CK |||||||||||||||||spa|d
082 0 4 |a 371.2011  |b IMP  |2 21 
245 1 0 |a Importancia de la capacitación de los administradores locales de la educación en el marco del proyecto principal 
300 |a 64 p 
942 |c BK 
945 |d 19920414 00:00:00 
260 |a Bogotá  |b UNESCO-SECAB  |c 1970 
650 0 |a Administradores escolares   |9 308344 
583 |a last modification  |c 19920414 00:00:00  |k Rodrigo Vera 
999 |c 219605  |d 219603 
952 |0 0  |1 0  |4 0  |6 371_201100000000000_IMP_1970  |7 0  |8 P  |9 210720  |a BIBEDU  |b BIBEDU  |c BIBEDU_PB  |d 2019-11-15  |i 2789256  |o 371.2011 IMP 1970  |p 2789256  |r 2024-01-25  |w 2019-11-15  |y BK  |k EDU